|
|
|
|
| LEADER |
02372nam a22004335i 4500 |
| 001 |
978-3-540-31412-7 |
| 003 |
DE-He213 |
| 005 |
20131218015612.0 |
| 007 |
cr nn 008mamaa |
| 008 |
100301s2006 gw | s |||| 0|eng d |
| 020 |
|
|
|a 9783540314127
|9 978-3-540-31412-7
|
| 024 |
7 |
|
|a 10.1007/3-540-31412-1
|2 doi
|
| 040 |
|
|
|d GrThAP
|
| 050 |
|
4 |
|a RB1-214
|
| 072 |
|
7 |
|a MMF
|2 bicssc
|
| 072 |
|
7 |
|a MED067000
|2 bisacsh
|
| 082 |
0 |
4 |
|a 616.07
|2 23
|
| 100 |
1 |
|
|a Kocjan, Gabrijela.
|e author.
|
| 245 |
1 |
0 |
|a Fine Needle Aspiration Cytology
|h [electronic resource] :
|b Diagnostic Principles and Dilemmas /
|c by Gabrijela Kocjan.
|
| 264 |
|
1 |
|a Berlin, Heidelberg :
|b Springer Berlin Heidelberg,
|c 2006.
|
| 300 |
|
|
|a XII, 239 p. 572 illus.
|b online resource.
|
| 336 |
|
|
|a text
|b txt
|2 rdacontent
|
| 337 |
|
|
|a computer
|b c
|2 rdamedia
|
| 338 |
|
|
|a online resource
|b cr
|2 rdacarrier
|
| 347 |
|
|
|a text file
|b PDF
|2 rda
|
| 505 |
0 |
|
|a and Historical Perspective -- FNAC Technique and Slide Preparation -- Diagnostic interpretation of FNAC material -- Diagnostic Dilemmas in FNAC Practice: Cystic Lesions -- Diagnostic Dilemmas in FNAC Practice: Lymphoid Infiltrates -- Diagnostic Dilemmas in FNAC Practice: Metastatic Tumours -- Diagnostic Dilemmas in FNAC Cytology: Small Round Cell Tumours -- Diagnostic Dilemmas in FNAC Cytology: Soft-Tissue Lesions -- Diagnostic Dilemmas in FNAC Cytology: Difficult Breast Lesions -- Principles of Safe Practice: the Role of FNAC in Clinical Management -- Principles of Safe FNAC Practice: FNAC versus Core Biopsy -- Principles of Safe FNAC Practice: Medicolegal Issues.
|
| 520 |
|
|
|a Histopathologists all over the world have to report cytopathology during the course of their work and it is then that they find themselves facing diagnostic dilemmas. This practical, well-illustrated book, explicitly dedicated to this readership will serve their needs and meets their requirements in daily practice.
|
| 650 |
|
0 |
|a Medicine.
|
| 650 |
|
0 |
|a Internal medicine.
|
| 650 |
|
0 |
|a Pathology.
|
| 650 |
1 |
4 |
|a Medicine & Public Health.
|
| 650 |
2 |
4 |
|a Pathology.
|
| 650 |
2 |
4 |
|a Internal Medicine.
|
| 710 |
2 |
|
|a SpringerLink (Online service)
|
| 773 |
0 |
|
|t Springer eBooks
|
| 776 |
0 |
8 |
|i Printed edition:
|z 9783540256397
|
| 856 |
4 |
0 |
|u http://dx.doi.org/10.1007/3-540-31412-1
|z Full Text via HEAL-Link
|
| 912 |
|
|
|a ZDB-2-SME
|
| 950 |
|
|
|a Medicine (Springer-11650)
|